000 01396nam0a2200349 4500
001 RU\NLR\BIBL_A\011770796
005 20180830114203.0
010 _a978-5-9704-4735-2
_9500
021 _aRU
_bКН-П-18-3713
_9КН-П-18-051577
035 _a(NLR Aleph) 011770796
035 _a(RuMoRGB)009686535
090 _a11726601
_c11726601
100 _a20180817d2018 u y0rusy50 ca
101 0 _arus
102 _aRU
105 _aa zzzz0|||1yy
200 1 _aВИЧ-инфекция в терапевтической практике
_fА. А. Хрянин, О. В. Решетников
210 _aМосква
_cГЭОТАР-Медиа
_d2018
215 _a83 с.
_cил., табл.
_d21
300 _aНа обороте тит. л. авт.: Хрянин А. А., Решетников О. В., доктора медицинских наук, профессора
320 _aБиблиогр.: с. 82-83 (36 назв.)
606 1 _aВИЧ-инфекция
_2nlr_sh1
_2nlr_sh2
_3RU\NLR\AUTH\661401217
610 0 _aВИЧ-инфекция
686 1 _aР194.87
686 1 _aР514.87
700 1 _aХрянин
_bА. А.
_gАлексей Алексеевич
701 1 _aРешетников
_bО. В.
_gОлег Вадимович
942 _cBOOK
980 _aNBR
980 _aNB